| 000 | 00620nam a2200193 4500 | ||
|---|---|---|---|
| 001 | 144618 | ||
| 003 | ES-MaACL | ||
| 005 | 20250520202308.0 | ||
| 007 | t| | ||
| 008 | 070214s1977 sp r ||||1| spa d | ||
| 100 | 1 |
_aSimmel, Georg. _9106480 |
|
| 245 | 1 | 0 |
_aFilosofía del dinero / _cGeorg Simmel ; traducción de Ramón García Cotarelo. |
| 260 |
_aMadrid : _bInstituto de Estudios Políticos, _c1977. |
||
| 300 |
_a663 p. ; _c21 cm. |
||
| 700 | 1 |
_aCotarelo, Ramón, _d1943- _941166 |
|
| 710 | 2 |
_aInstituto de Estudios Políticos (Madrid) _94924 |
|
| 852 |
_aES-MaACL _jA-6722 _bR.95809 |
||
| 999 |
_c144618 _d144618 |
||